000 01064nam a2200289 i 4500
003 DO-SdBNP
005 20230731103716.0
007 ta
008 211029e2021 dr a|||| |||| 00| 0 spa d
040 _aDO-SdBNP
_bspa
_cBNPHU
_erda
082 4 _a373.1
_bN964
_222
100 _aDiloné, Jacqueline
_983824
245 1 0 _aNuestra escuela del cuidado :
_bguía del estudiante 5 ; primero de primaria /
_cJacqueline Diloné, Anny Rodríguez, Milagro de Castro
264 _aSanto Domingo:
_bFe y Alegría,
_c2021.
300 _a59 p. :
_bilustraciones
_c28 cm
336 _2rdacontent
_atexto
_btxt
337 _2rdamedia
_asin mediación
_bn
338 _2rdacarrier
_avolumen
_bnc
500 _aGuía para estudiantes
505 _aQue divertido es aprender cuidándome, siguiendo el calendario de regreso a la escuela!
590 _aInventariado, 2023/ YL
650 1 0 _aMétodos de estudio
_980424
_xGuía para estudiantes
700 1 2 _aRodríguez, Anny
_980398
_eautora
700 1 2 _aCastro, Milagro de
_980399
_eautora
910 _aYLockward
942 _2lcc
_cLBS1
999 _c54252
_d54252